000 00512nam a2200181Ia 4500
001 23410
003 GE_BSU
008 181216s||||||||xx |||||||||||||| ||und||
040 _cGE_BSU
245 _aEastern European Journal of Transnational Relations. Vol. 2. No. 1
245 _cEditor in chief: Maciej Perkowski. Editor Izabela Krasnicka
260 _aBialystok
260 _c2018
300 _a138 p. 24 cm.
653 _aEastern European Journal of Transnational Relations
653 _aLaw.
942 _cCR
999 _c56297
_d56297